| 000 | 00559nam a2200169 i 4500 | ||
|---|---|---|---|
| 001 | 42948 | ||
| 003 | ES-MaACL | ||
| 005 | 20230906160715.0 | ||
| 007 | t| | ||
| 008 | 030314q1910 sp ||||1| spa d | ||
| 100 | 1 |
_aCemach, A. J. _937386 |
|
| 245 | 1 | 0 |
_aCuadros para el diagnóstico diferencial de las enfermedades internas / _cpor J. Cemach ; traducidos por Pablo González Muñoz. |
| 260 |
_aMadrid : _bS. Calleja, _c[1910?] ( _fJ. Ratés Martín) |
||
| 300 |
_a30 h. ; _c29 cm. |
||
| 700 | 1 |
_aGonzález Muñoz, Pablo. _958833 |
|
| 852 |
_aES-MaACL _jB-10997 |
||
| 999 |
_c42948 _d42948 |
||